Alle Champions League Sieger - Statistiken

Allgemein
  • Dieses Quiz wurde 210 mal gespielt
  • Das Durchschnittsergebnis liegt bei 64 aus 70
Antwortstatistiken
Jahr Sieger Ergebniss Verlierer % Korrekt
2023/24 Real Madrid 2:0 Borussia Dortmund
100%
2021/22 Real Madrid 1:0 FC Liverpool
100%
2017/18 Real Madrid 3:1 FC Liverpool
100%
2016/17 Real Madrid 4:1 Juventus Turin
100%
2015/16 Real Madrid 6:4 n.E. (1:1) Atlético Madrid
100%
2013/14 Real Madrid 4:1 n.V. (1:1) Atlético Madrid
100%
2001/02 Real Madrid 2:1 Bayer 04 Leverkusen
100%
1999/00 Real Madrid 3:0 FC Valencia
100%
1997/98 Real Madrid 1:0 Juventus Turin
100%
1965/66 Real Madrid 2:1 FK Partizan Belgrad
100%
1959/60 Real Madrid 7:3 Eintracht Frankfurt
100%
1958/59 Real Madrid 2:0 Stade Reims
100%
1957/58 Real Madrid 3:2 n.V. (2:2) AC Milan
100%
1956/57 Real Madrid 2:0 AC Florenz
100%
1955/56 Real Madrid 4:3 Stade Reims
100%
2019/20 FC Bayern München 1:0 Paris Saint Germain
99%
2012/13 FC Bayern München 2:1 Borussia Dortmund
99%
2000/01 FC Bayern München 5:4 n.E. (1:1) FC Valencia
99%
1975/76 FC Bayern München 1:0 AS Saint-Etienne
99%
1974/75 FC Bayern München 2:0 Leeds United
99%
1973/74 FC Bayern München 1:1 n.R. (4:0) Atlético Madrid
99%
2024/25 Paris Saint Germain 5:0 Inter Mailand
99%
2022/23 Manchester City 1:0 Inter Mailand
98%
1996/97 Borussia Dortmund 3:1 Juventus Turin
97%
2014/15 FC Barcelona 3:1 Juventus Turin
97%
2010/11 FC Barcelona 3:1 Manchester United
97%
2008/09 FC Barcelona 2:0 Manchester United
97%
2005/06 FC Barcelona 2:1 FC Arsenal
97%
1991/92 FC Barcelona 1:0 n.V. (0:0) Sampdoria Genua
97%
2020/21 FC Chelsea 1:0 Manchester City
97%
2011/12 FC Chelsea 5:4 n.E. (1:1) FC Bayern München
97%
2006/07 AC Mailand 2:1 FC Liverpool
96%
2002/03 AC Milan 3:2 n.E. (0:0) Juventus Turin
96%
1993/94 AC Milan 4:0 FC Barcelona
96%
1989/90 AC Milan 1:0 Benfica Lissabon
96%
1988/89 AC Milan 4:0 Steaua Bukarest
96%
1968/69 AC Milan 4:1 Ajax Amsterdam
96%
1962/63 AC Milan 2:1 Benfica Lissabon
96%
2018/19 FC Liverpool 2:0 Tottenham Hotspur
96%
2004/05 FC Liverpool 6:5 n.E. (3:3) AC Mailand
96%
1983/84 FC Liverpool 5:3 n.E (1:1) AS Rom
96%
1980/81 FC Liverpool 1:0 Real Madrid
96%
1977/78 FC Liverpool 1:0 Club Brügge
96%
1976/77 FC Liverpool 3:1 Borussia Mönchengladbach
96%
2009/10 Inter Mailand 2:0 FC Bayern München
96%
1964/65 Inter Mailand 1:0 Benfica Lissabon
96%
1963/64 Inter Mailand 3:1 Real Madrid
96%
2007/08 Manchester United 6:5 n.E. (1:1) FC Chelsea
95%
1998/99 Manchester United 2:1 FC Bayern München
95%
1967/68 Manchester United 4:1 n.V. (1:1) Benfica Lissabon
95%
1982/83 Hamburger SV 1:0 Juventus Turin
88%
1995/96 Juventus Turin 5:3 n.E. (1:1) Ajax Amsterdam
88%
1984/85 Juventus Turin 1:0 FC Liverpool
88%
2003/04 FC Porto 3:0 AS Monaco
87%
1986/87 FC Porto 2:1 FC Bayern München
87%
1994/95 Ajax Amsterdam 1:0 AC Milan
86%
1972/73 Ajax Amsterdam 1:0 Juventus Turin
86%
1971/72 Ajax Amsterdam 2:0 Inter Mailand
86%
1970/71 Ajax Amsterdam 2:0 Panathinaikos Athen
86%
1961/62 Benfica Lissabon 5:3 Real Madrid
80%
1960/61 Benfica Lissabon 3:2 CF(?) Barcelona
80%
1992/93 Olympique Marseille 1:0 AC Milan
76%
1979/80 Nottingham Forest 1:0 Hamburger SV
69%
1978/79 Nottingham Forest 1:0 Malmö FF
69%
1966/67 Celtic Glasgow 2:1 Inter Mailand
65%
1990/91 Roter Stern Belgrad 5:3 n.E. (0:0) Olympique Marseille
63%
1981/82 Aston Villa 1:0 FC Bayern
61%
1987/88 PSV Eindhoven 6:5 n.E. (0:0) Benfica Lissabon
56%
1969/70 RV & AV Feijenoord 2:1 n.V. (1:1) Celtic Glasgow
43%
1985/86 Steaua Bukarest 2:0 n.E. (0:0) FC Barcelona
36%
Keine übereinstimmenden Quizze gefunden
Verteilung der Resultate
Anzahl Personen mit jedem Resultat
Perzentil nach korrekt beantworteten Fragen
Ihre Resultats-Entwicklung
Sie haben dieses Quiz noch nicht gespielt